[Event "LTU-ch Men 2019"]
[Site "Vilnius"]
[Date "2019.03.16"]
[Round "2.1"]
[White "Laurusas, Tomas"]
[Black "Salna, Aleksandras"]
[Result "1-0"]
[WhiteElo "2495"]
[BlackElo "1955"]
[Annotator "TA"]
[PlyCount "69"]
[EventDate "2019.??.??"]
[EventCountry "LTU"]
[SourceTitle "playchess.com"]
[Source "ChessBase"]
[SourceQuality "1"]

{[%evp 13,69,0,32,29,63,18,29,14,38,43,56,47,56,44,41,22,52,38,74,80,81,83,63,14,27,27,33,0,68,0,14,18,18,12,12,12,12,12,8,8,22,0,8,5,20,18,57,47,82,72,61,0,129,125,900,841,29963,618]} 1. Nf3 d5 2. g3 Nf6 3. Bg2 c6 4. O-O Bf5 5. d3 e6 6. c4 Nbd7 7. Nc3 Be7 8. cxd5 {A11: English Opening: 1...c6} exd5 9. Qc2 (9. e4 $5 dxe4 10. dxe4 Nxe4 11. Re1 Nxc3 12. bxc3 $11) (9. e4 dxe4 10. dxe4 Nxe4 11. Nd4 Nxc3 12. bxc3 Bg6 13. Re1 O-O 14. Bxc6 Qc8 15. Bxb7 Qxb7 16. Rxe7 {½-½ (33) Svidler,P (2739)-Vitiugov,N (2719) Chita 2015}) 9... O-O 10. e4 {White has an edge.} Bg6 11. Nh4 dxe4 12. Nxg6 hxg6 13. dxe4 Re8 {[#]} 14. h3 $146 ({Predecessor:} 14. Bf4 Nf8 15. Rad1 Qa5 16. Bd2 {1-0 (43) Markowski,T (2535)-Matlak,M (2450) Brzeg Dolny 1996}) 14... Nf8 15. Rd1 Qc8 16. e5 N6d7 {[#]} 17. f4 $1 g5 18. Ne4 gxf4 19. gxf4 Nb6 20. f5 {Threatens to win with f6.} Nd5 (20... Nfd7 $11) 21. Qf2 (21. b4 $14) 21... Bd8 {And now ...Bb6 would win.} 22. Nd6 Bb6 23. Nxc8 Bxf2+ 24. Kxf2 {aiming for Nd6.} Raxc8 25. Bxd5 cxd5 26. Rxd5 g6 27. Kf3 gxf5 28. Bg5 $36 {[%mdl 2048] White fights for an advantage.} Rc2 29. Rg1 Ng6 30. Bf6 Rxb2 31. h4 Rh2 32. Rg5 (32. Rd7 $14) 32... Rc8 ({Wrong is} 32... Rxa2 $2 33. h5 $18) (32... Kf8 $11 {keeps the balance.}) 33. e6 $1 $16 {[%cal Re6e7] White threatens e7 and mate.} Kf8 $2 {[%mdl 8192] [#]} (33... Kh7 $16) 34. Rxg6 $1 $18 {[%mdl 576] Threatening mate with e7+. Promotion} fxg6 35. Rd8+ {Accuracy: White = 66%, Black = 24%.} 1-0

[Event "LTU-ch Men 2019"]
[Site "Vilnius"]
[Date "2019.03.16"]
[Round "2.2"]
[White "Maziukas, Kasparas"]
[Black "Malisauskas, Vidmantas"]
[Result "0-1"]
[WhiteElo "1931"]
[BlackElo "2451"]
[Annotator "RC"]
[PlyCount "86"]
[EventDate "2019.??.??"]
[EventCountry "LTU"]
[SourceTitle "playchess.com"]
[Source "ChessBase"]
[SourceQuality "1"]
[TimeControl "5400+30"]

1. e4 {[%emt 0:00:00]} d6 {[%emt 0:10:52]} 2. d4 {[%emt 0:00:37]} Nf6 {[%emt 0:00:10]} 3. Nc3 {[%emt 0:00:20]} g6 {[%emt 0:00:07]} 4. f4 {[%emt 0:00:20]} Bg7 {[%emt 0:00:12]} 5. Nf3 {[%emt 0:00:47]} O-O {[%emt 0:00:20]} 6. e5 {[%emt 0:01:10]} Ne8 {[%emt 0:00:31]} 7. Bc4 {[%emt 0:05:09]} c5 {[%emt 0:03:24]} 8. dxc5 {[%emt 0:05:23]} Nc6 {[%emt 0:00:08]} 9. cxd6 {[%emt 0:04:22]} exd6 {[%emt 0:00:09]} 10. Nb5 {[%emt 0:01:06]} Bg4 {[%emt 0:02:41]} 11. Be3 {[%emt 0:13:30]} Bxf3 {[%emt 0:02:12]} 12. Qxf3 {[%emt 0:00:16]} Nxe5 {[%emt 0:00:08]} 13. fxe5 {[%emt 0:02:11]} Qh4+ {[%emt 0:00:09]} 14. Bf2 {[%emt 0:02:46]} Qxc4 {[%emt 0:08:50]} 15. Qe2 {[%emt 0:00:04]} Qd5 {[%emt 0:09:08]} 16. O-O {[%emt 0:02:35]} Bxe5 {[%emt 0:00:47]} 17. c4 {[%emt 0:05:20]} Qe6 {[%emt 0:05:56]} 18. Rfe1 {[%emt 0:00:32]} a6 {[%emt 0:02:32]} 19. Nd4 {[%emt 0:00:45]} Qf6 {[%emt 0:01:41]} 20. Rad1 {[%emt 0:03:02]} Ng7 {[%emt 0:02:33]} 21. Nf3 {[%emt 0:10:27]} Rfe8 {[%emt 0:06:01]} 22. Nxe5 {[%emt 0:00:18]} Rxe5 {[%emt 0:00:24]} 23. Qd2 {[%emt 0:01:01]} Rxe1+ {[%emt 0:00:21]} 24. Bxe1 {[%emt 0:00:43]} Re8 {[%emt 0:00:27]} 25. Qc3 {[%emt 0:09:36]} Qxc3 {[%emt 0:03:46]} 26. Bxc3 {[%emt 0:00:06]} Re6 {[%emt 0:00:10]} 27. Kf2 {[%emt 0:03:14]} f6 {[%emt 0:01:13]} 28. a4 {[%emt 0:01:37]} Kf7 {[%emt 0:00:13]} 29. Rd3 {[%emt 0:00:43]} Nf5 {[%emt 0:00:29]} 30. g4 {[%emt 0:00:46]} Ne7 {[%emt 0:00:15]} 31. Bb4 {[%emt 0:01:49]} Re4 {[%emt 0:00:59]} 32. b3 {[%emt 0:01:42]} Nc6 {[%emt 0:01:58]} 33. Bxd6 {[%emt 0:00:46]} Rxg4 {[%emt 0:00:09]} 34. Bc5 {[%emt 0:05:27]} Ne5 {[%emt 0:06:05]} 35. Rd8 {[%emt 0:01:04]} g5 {[%emt 0:02:35]} 36. Be3 {[%emt 0:02:53]} Rh4 {[%emt 0:01:09]} 37. Kg2 {[%emt 0:01:58]} Re4 {[%emt 0:00:12]} 38. Bf2 {[%emt 0:02:57]} Re2 {[%emt 0:05:27]} 39. Rb8 {[%emt 0:00:21]} Nd3 {[%emt 0:01:13]} 40. Rxb7+ {[%emt 0:00:28]} Kg6 {[%emt 0:00:12]} 41. Kf3 {[%emt 0:00:11]} Rxf2+ {[%emt 0:00:09]} 42. Ke3 {[%emt 0:00:03]} Nc5 {[%emt 0:00:24]} 43. Rc7 {[%emt 0:01:29]} Rf5 {[%emt 0:00:45]} 0-1

[Event "LTU-ch Men 2019"]
[Site "Vilnius"]
[Date "2019.03.16"]
[Round "2.3"]
[White "Stauskas, Lukas"]
[Black "Vardanyan, Aras"]
[Result "0-1"]
[WhiteElo "2357"]
[BlackElo "1916"]
[Annotator "TA"]
[PlyCount "78"]
[EventDate "2019.??.??"]
[EventCountry "LTU"]
[SourceTitle "playchess.com"]
[Source "ChessBase"]
[SourceQuality "1"]

{[%evp 20,78,48,17,45,34,15,6,26,-41,-39,-45,45,0,53,47,107,94,103,109,130,66,113,79,114,79,96,0,50,0,0,0,0,-67,0,-83,0,-141,-125,-143,-120,-470,-479,-467,-472,-452,-472,-419,-178,-182,-192,-728,-790,-780,-762,-750,-732,-2137,-2108,-29992,-29993]} 1. d4 Nf6 2. c4 c5 3. d5 e6 4. Nc3 exd5 5. cxd5 d6 6. Nf3 g6 7. Nd2 Bg7 8. e4 O-O 9. Be2 Re8 10. O-O Nbd7 11. Qc2 Ne5 {A77: Modern Benoni: Classical: 9...Re8 10 Nd2: 10...a6 and 10...Nbd7} 12. h3 (12. b3 Bg4 13. Bxg4 Nfxg4 14. Bb2 a6 15. h3 Nf6 16. f4 Ned7 17. Nc4 Nb6 18. Rae1 Nxc4 19. bxc4 Nd7 20. e5 dxe5 {½-½ (30) Aronian,L (2786)-Caruana,F (2794) Moscow 2016}) 12... g5 13. a4 {[#]} g4 $146 {The position is equal.} ({Predecessor:} 13... Nfd7 14. Ra3 Nf8 15. Re1 Nfg6 16. Nf1 Nf4 17. Ng3 Neg6 18. Nh5 Bd4 19. Nd1 Nxh5 20. Bxh5 {½-½ (45) Herndl,H (2310)-Shabalov,A (2590) Chicago 1994}) 14. h4 (14. f4 $11 Ng6 15. Nc4) 14... Nh5 $15 15. g3 $1 Bf6 (15... f5 $15 16. exf5 Qf6) 16. Kg2 Ng6 (16... Bd7 $11) 17. Nc4 $1 $14 Qe7 (17... Ne5 $14) 18. Nb5 $16 Rd8 19. Be3 Be5 20. Rab1 (20. Rh1 $16) 20... Bd7 21. b4 a6 22. Nba3 {Hoping for bxc5.} b5 23. Nb6 ({White should try} 23. Nxe5 $16 Qxe5 24. bxc5 dxc5 25. axb5 (25. Bxc5 Rdc8 $11) 25... axb5 26. Nxb5) 23... c4 24. Nxa8 Rxa8 25. Bg5 f6 26. Bh6 (26. Be3 $11) 26... Qf7 (26... Bxg3 $1 $15 27. fxg3 Qe5) 27. Qd1 {[#]} (27. Qd2 $11) 27... f5 (27... Nxh4+ $1 $17 28. gxh4 Qg6) 28. axb5 (28. Kg1 $11) 28... axb5 $17 29. Nc2 Nf6 30. f3 $2 {[%mdl 8192]} (30. exf5 $17 {was the crucial defense.} Ne7 31. Bxg4 Nxf5 32. Bxf5 Bxf5 33. Ne3) 30... gxf3+ $19 31. Bxf3 {[#]} Nxh4+ $1 {[%mdl 512]} 32. gxh4 {Strongly threatening Kh1.} Qg6+ {[%mdl 64] Double Attack} 33. Bg5 {aiming for Kh1.} fxe4 (33... h6 $142 34. Nd4 fxe4) 34. Be2 {And now Kh1 would win.} h6 35. Ne3 $2 (35. Rxf6 Bxf6 {[%mdl 64] Pin} 36. Bg4 Bxg4 37. Qxg4 hxg5 38. Rf1) 35... Ra2 36. Rf2 hxg5 37. h5 Qf7 38. Nf5 Bxf5 39. Rxf5 Qxh5 {Accuracy: White = 30%, Black = 46%.} 0-1

[Event "LTU-ch Men 2019"]
[Site "Vilnius"]
[Date "2019.03.16"]
[Round "2.4"]
[White "Indriunas, Matas"]
[Black "Brazdzionis, Andrius"]
[Result "1/2-1/2"]
[WhiteElo "1908"]
[BlackElo "2311"]
[Annotator "TA"]
[PlyCount "36"]
[EventDate "2019.??.??"]
[EventCountry "LTU"]
[SourceTitle "playchess.com"]
[Source "ChessBase"]
[SourceQuality "1"]

{[%evp 12,36,35,29,51,49,72,75,122,106,227,44,57,41,122,113,101,106,145,132,137,145,140,120,137,118,124]} 1. e4 c5 2. Nf3 Nc6 3. d4 cxd4 4. Nxd4 Qb6 5. Nb3 Nf6 6. Bd3 e6 7. O-O Qc7 {B32: Sicilian: Löwenthal and Kalashnikov Variations} 8. f4 a6 $146 ({Predecessor:} 8... d6 9. Be3 Be7 10. N1d2 e5 11. f5 g6 12. c4 gxf5 13. exf5 d5 14. cxd5 Nxd5 {½-½ (33) Sokolov,A (2596)-Chernuschevich,A (2497) Belfort 2010}) 9. e5 Nd5 10. c4 Nb6 {[#]} (10... Ndb4 $16) 11. a3 $2 (11. Nc3 $1 $18) 11... Na4 $1 $14 12. Qc2 Nc5 (12... d6 $14) 13. Nxc5 $16 Bxc5+ 14. Kh1 d6 {[#]} 15. b4 $1 {[%cal Rb4c5]} Bd4 16. exd6 Qxd6 17. Nc3 f5 18. Bb2 O-O {Accuracy: White = 77%, Black = 33%.} 1/2-1/2

[Event "LTU-ch Men 2019"]
[Site "Vilnius"]
[Date "2019.03.16"]
[Round "2.5"]
[White "Chocenka, Dmitrijus"]
[Black "Baltrunas, Arvydas"]
[Result "1-0"]
[WhiteElo "2287"]
[BlackElo "1881"]
[Annotator "TA"]
[PlyCount "61"]
[EventDate "2019.??.??"]
[EventCountry "LTU"]
[SourceTitle "playchess.com"]
[Source "ChessBase"]
[SourceQuality "1"]

{[%evp 9,60,20,16,17,15,0,10,10,48,-26,0,0,0,0,0,0,39,32,185,177,206,147,151,146,142,137,174,162,170,158,204,181,274,283,288,198,777,777,745,747,883,878,1165,1167,1177,1156,1120,1097,29989,29990,29998,29999,29999]} 1. e4 e6 2. c4 d5 3. exd5 exd5 4. cxd5 Qxd5 5. Nc3 Qd8 6. Bc4 {C00: French: Unusual White 2nd moves} Nf6 7. Qb3 Qe7+ 8. Nge2 {The position is equal.} (8. Kd1 Qd7 9. Nf3 Bd6 10. Re1+ Kf8 11. d4 {½-½ (11) Markovic,M (2466)-Drazic,S (2411) Backi Petrovac 2018}) 8... c6 9. a4 (9. d4 $14) 9... g6 $146 ({Predecessor:} 9... Nbd7 10. d4 Nb6 11. Bd3 Be6 12. Qc2 O-O-O 13. O-O Nbd5 {0-1 (37) Smolskiy,M (2042)-Andrianov,V Tula 2007}) 10. O-O Bg7 11. d4 O-O 12. Bg5 Qc7 13. Rfe1 Ng4 $2 {[#]} ({Better is} 13... Qb6 $14) 14. Bf4 $36 {[%mdl 2048] White is really pushing.} Qd8 15. Rad1 Nd7 16. h3 Nh6 17. d5 Qb6 18. Qa2 {Threatens to win with a5.} Ne5 19. Bb3 g5 20. a5 Qa6 (20... Qb4 $142) 21. Bxg5 Bxh3 22. Bxh6 Nf3+ $2 (22... Bxh6 23. gxh3 Nf3+ 24. Kh1 Nxe1) 23. gxf3 Bxh6 24. d6 b6 25. Qa4 Bd7 26. Qh4 Bg7 27. Ng3 Qxa5 28. Re7 {[#] Strongly threatening Bc2.} Bxc3 29. Bc2 {[%csl Gc2][%cal Rh4h7] White mates.} Kg7 30. Qxh7+ Kf6 31. Qh6# {Accuracy: White = 71%, Black = 29%.} 1-0

[Event "LTU-ch Men 2019"]
[Site "Vilnius"]
[Date "2019.03.16"]
[Round "2.6"]
[White "Boyajyan, David"]
[Black "Juksta, Karolis"]
[Result "1/2-1/2"]
[WhiteElo "1868"]
[BlackElo "2281"]
[Annotator "TA"]
[PlyCount "77"]
[EventDate "2019.??.??"]
[EventCountry "LTU"]
[SourceTitle "playchess.com"]
[Source "ChessBase"]
[SourceQuality "1"]

{[%evp 15,77,-58,-54,-58,-55,-107,-103,-110,-107,-154,-136,-138,-149,-147,-95,-87,-83,-83,-82,-101,-100,-114,-115,-143,-117,-198,-135,-149,-21,-51,-23,-58,0,-100,-136,-121,0,0,0,0,259,254,605,612,617,597,1183,1132,1536,85,55,89,100,72,121,0,0,0,0,0,0,0,18,0]} 1. d4 e6 2. c4 Nf6 3. Nc3 Bb4 4. g3 d5 5. Bg2 O-O 6. Nf3 dxc4 7. Ne5 {E20: Nimzo-Indian: 4 g3 and 4 f3} (7. O-O Nc6 8. Qa4 Nd5 9. Qc2 Be7 10. Rd1 Ncb4 11. Qd2 c5 12. dxc5 Nxc3 13. bxc3 Nc6 14. Qc2 Qa5 15. Ng5 Bxg5 16. Bxg5 Qxc5 {½-½ (44) Cheparinov,I (2709)-Gelfand,B (2673) St Petersburg 2018}) 7... Nd5 8. Bd2 Nb6 $1 {LiveBook: 3 Games} 9. Nb5 {Black is slightly better.} a5 10. Bc3 (10. Nf3 $15) 10... f6 11. Nf3 $146 ({Predecessor:} 11. Ng4 c6 12. Na3 e5 13. Ne3 exd4 14. Bxb4 axb4 15. Naxc4 {0-1 (45) Matijosius,V (1876)-Marrone,V (2039) ICCF email 2007}) 11... Bd7 12. Na3 Qe7 13. Nc2 Bxc3+ 14. bxc3 Nd5 (14... Na4 $142 15. Qd2 Nc6) 15. Qd2 $17 b5 {[%cal Bb7b5,Bb5b4][%mdl 32]} 16. e4 Nb6 17. O-O Na6 18. Nh4 b4 19. Ne3 Bb5 20. e5 (20. Rfc1 $17) 20... Rad8 $19 21. exf6 gxf6 (21... Qxf6 $17 {And now ...Na4 would win.} 22. Ng4 Qe7) 22. Rae1 bxc3 23. Qe2 Qg7 {[#]} (23... Qf7 $15 24. Rb1 Ba4) 24. Qh5 (24. d5 $1 $11 {[%mdl 512] remains equal.}) 24... Qg5 $17 25. Qe2 Rfe8 (25... Nb4 $17 {Strongly threatening ...f5.} 26. f4 Qg7) 26. f4 $11 {[%cal Bf2f4,Bf4f5][%mdl 32]} Qg7 {aiming for ...Nb4.} 27. Qh5 c6 $2 {[%mdl 8192] [#]} (27... f5 $11 {and Black is okay.}) 28. Nef5 $1 $18 {[%mdl 576] Pin} Qd7 $2 (28... exf5 29. Rxe8+ Rxe8 30. Qxe8+ {[%mdl 64] Double Attack} Qf8) 29. Nh6+ Kf8 30. f5 e5 31. dxe5 c2 32. exf6 $2 (32. Ng4 $18 {has better winning chances.} Qd4+ 33. Kh1 Qxg4 34. Qxh7) 32... Rxe1 $16 33. Rxe1 {White threatens Qg6! and mate.} Qd4+ 34. Kh1 {[%csl Gh6][%cal Rh5f7]} Qxf6 {[#] ...Kg7 is the strong threat.} 35. Ng4 ({White should play} 35. Bf1 $1 $16 {Black must now prevent Re6.} c5 36. Ng4 Bc6+ 37. Kg1 Qd4+ 38. Nf2) 35... Qc3 $1 $36 {[%cal Rc3e1][%mdl 2048] The position is equal. Black has some pressure.} 36. Qh6+ {[%mdl 64] Double Attack} Qg7 37. Qh5 {Threatens to win with f6.} Qc3 38. Qh6+ {[%mdl 64] Double Attack} Qg7 39. Qh5 {Accuracy: White = 44%, Black = 53%.} 1/2-1/2

[Event "LTU-ch Men 2019"]
[Site "Vilnius"]
[Date "2019.03.16"]
[Round "2.7"]
[White "Mickevicius, Juras"]
[Black "Paulauskas, Andrius"]
[Result "1-0"]
[WhiteElo "2273"]
[BlackElo "1867"]
[Annotator "TA"]
[PlyCount "107"]
[EventDate "2019.??.??"]
[EventCountry "LTU"]
[SourceTitle "playchess.com"]
[Source "ChessBase"]
[SourceQuality "1"]

{[%evp 20,107,43,46,49,14,31,26,30,29,73,34,52,49,51,48,54,54,51,51,51,45,43,49,49,3,34,32,87,72,66,68,137,134,131,127,119,101,112,98,150,151,161,4,18,5,21,20,150,70,70,70,525,341,340,216,254,240,282,198,254,243,639,628,603,578,5265,5265,2620,1591,29965,3482,29962,29956,9330,9330,5226,5226,5206,5202,29978,29979,29976,29975,29990,29988,29994,29995,29996,29997]} 1. d4 Nf6 2. c4 g6 3. g3 Bg7 4. Bg2 O-O 5. Nf3 d6 6. Nc3 Nbd7 7. O-O e5 8. e4 a6 9. Qc2 c6 {E68: King's Indian: Fianchetto: 6...Nbd7 7 0-0 e5 8 e4} (9... exd4 10. Nxd4 Re8 11. Re1 Ne5 12. b3 c5 13. Nf3 Nfg4 14. Nxe5 Nxe5 15. Bb2 Nc6 16. Qd2 Qa5 17. Rad1 Bg4 18. f3 {½-½ (49) Giri,A (2772)-Ivanchuk,V (2728) Tbilisi 2017}) 10. Rd1 Qc7 11. h3 {LiveBook: 4 Games} b5 {White is slightly better.} 12. a3 $146 ({Predecessor:} 12. c5 dxc5 13. dxe5 Ne8 14. Bf4 Nxe5 15. Nxe5 Bxe5 16. Bxe5 Qxe5 17. f4 Qe7 {½-½ (41) Plischki,S (2418)-Breuer,S (2334) Verden 2009}) 12... Bb7 13. dxe5 dxe5 14. Be3 Rac8 15. c5 Rfd8 16. b4 Nf8 17. Nd2 Ne6 18. Nb3 Rxd1+ 19. Rxd1 Rd8 20. Rxd8+ Nxd8 21. Ne2 Bc8 22. Nd2 Ne8 23. f4 f5 ({Better is} 23... exf4 $14 24. gxf4 a5) 24. fxe5 Bxe5 25. Bf4 Be6 (25... Bxf4 $14 26. Nxf4 (26. gxf4 Ng7 $16) 26... Ng7) 26. Nf3 $16 Bxf4 27. Nxf4 Ng7 28. Nxe6 Ndxe6 29. exf5 gxf5 (29... Nxf5 $142 30. Qe4 Qe7) 30. Qf2 f4 31. Qe1 $2 (31. g4 $18) 31... fxg3 $11 32. Qe5 Qd8 33. Qxg3 {aiming for Kh2.} Nd4 (33... Qd3 $11) 34. Nxd4 (34. Qe5 $16 Nxf3+ 35. Bxf3) 34... Qxd4+ $14 35. Kh2 a5 $2 {[%mdl 8192]} (35... Qd2 $14) 36. Qb8+ Kf7 37. Qc7+ (37. Bxc6 axb4 38. axb4 Qxb4 $16) 37... Kf8 38. bxa5 (38. Bxc6 $6 Ne8 $18) 38... Ne8 39. Qb8 {Hoping for a6.} (39. Qxh7 Qe5+ 40. Kh1 Qe1+ 41. Kh2 Qe5+ 42. Kh1 Qe1+ 43. Kh2 Qe5+ $11) 39... Qxc5 (39... Qa4 $142 40. Bxc6 Qc2+ 41. Bg2 Qxc5) 40. a6 $18 Ke7 $2 (40... Kf7 41. a7 Nd6) 41. a7 Nd6 42. Qc7+ Ke6 {[#] intending ...Qe5+.} 43. Qg7 $1 ({Inferior is} 43. a8=Q Qe5+ 44. Kg1 Qd4+ 45. Kf1 Qf6+ 46. Ke1 (46. Kg1 Qd4+ 47. Kf1 Qf6+ 48. Ke2 Qb2+ 49. Kf3 Qf6+ 50. Ke3 Qc3+ 51. Kf2 Qd2+ 52. Kg3 Qg5+ 53. Kf3 Qf6+ 54. Kg3 Qg5+ 55. Kf3 Qf5+ 56. Ke3 Qg5+ 57. Kf3 $11) 46... Qc3+ 47. Kd1 Qd3+ 48. Kc1 Qc3+ 49. Kd1 Qd3+ 50. Ke1 Qe3+ 51. Kf1 Qd3+ 52. Kf2 (52. Kg1 Qe3+ 53. Kf1 Qf4+ 54. Ke1 Qg3+ 55. Ke2 Qxg2+ 56. Ke1 Qg1+ 57. Ke2 Qg2+ 58. Ke1 Qg1+ 59. Ke2 Qg2+ $11) 52... Qd2+ 53. Kg3 Qg5+ 54. Kf2 (54. Kh2 Qf4+ 55. Kg1 Qe3+ 56. Kf1 Qd3+ 57. Kg1 Qe3+ 58. Kf1 $11) 54... Qd2+ 55. Kf3 Qd5+ 56. Kf4 Qd2+ 57. Kf3 Qd3+ 58. Kf2 Qd4+ 59. Ke2 Qe5+ 60. Kf2 Qc5+ 61. Kg3 Qg5+ 62. Kf3 (62. Kh2 Qf4+ 63. Kh1 Qc1+ 64. Bf1 Qxf1+ 65. Kh2 Qf2+ 66. Kh1 Qf1+ 67. Kh2 Qf2+ 68. Kh1 Qf1+ $11) 62... Qf6+ 63. Ke2 Qb2+ 64. Kf3 Qf6+ 65. Kg3 Qe5+ 66. Kg4 Qd4+ 67. Kg3 Qe5+ 68. Kg4 Qd4+ 69. Kh5 Qd1+ 70. Kh6 Nf5+ 71. Kxh7 Qh5+ 72. Kg8 Qg5+ 73. Kf8 (73. Kh8 Qf6+ 74. Kh7 Qh6+ 75. Kg8 Qg5+ 76. Kh8 Qh6+ 77. Qh7 Qf6+ 78. Kg8 Qg5+ 79. Kf8 Qf6+ 80. Kg8 Qg5+ 81. Kf8 Qf6+ 82. Kg8 $11) 73... Qf6+ 74. Kg8 Qg6+ 75. Kf8 (75. Kh8 Qh6+ 76. Kg8 Qg5+ 77. Kf8 Qh6+ 78. Kg8 Qg6+ 79. Kh8 Qf6+ 80. Kh7 Qh6+ 81. Kg8 $11) 75... Qh6+ 76. Kg8 Qg6+ 77. Kh8 Qf6+ 78. Kh7 Qh6+ 79. Kg8 Qg6+ $11) 43... Nf5 44. Qg8+ Kf6 45. Qd8+ (45. Qb8 $142 Qxa3 46. Bxc6 Nd6 47. Qf8+ (47. a8=Q Qb2+ 48. Bg2 Qe5+ 49. Kg1 Qe3+ 50. Kf1 Qc1+ 51. Kf2 Qc5+ 52. Kg3 Qe5+ 53. Kf3 Qf5+ 54. Ke3 Qc5+ 55. Kd3 Qc4+ 56. Ke3 Qc5+ 57. Kd3 Qc4+ 58. Ke3 Qc5+ $11) 47... Ke6 48. a8=Q Qxa8 49. Qxa8 Nc4 50. Qg8+ Kf6 51. Qxh7) 45... Kg6 46. Qe8+ Kg5 {[#]} 47. h4+ $1 {[%mdl 512]} Nxh4 48. Qd8+ Kh5 49. Qd1+ Kg5 50. a8=Q {White mates.} Qe5+ 51. Kh1 Nf5 52. Qg8+ Kh6 53. Qc1+ Ne3 54. Qxc6+ {Precision: White = 60%, Black = 32%.} 1-0

[Event "LTU-ch Men 2019"]
[Site "Vilnius"]
[Date "2019.03.16"]
[Round "2.8"]
[White "Jablokov, Dmitrij"]
[Black "Zaksaite, Salomeja"]
[Result "1/2-1/2"]
[WhiteElo "1859"]
[BlackElo "2260"]
[Annotator "TA"]
[PlyCount "102"]
[EventDate "2019.??.??"]
[EventCountry "LTU"]
[SourceTitle "playchess.com"]
[Source "ChessBase"]
[SourceQuality "1"]

{[%evp 15,102,7,18,0,0,-2,0,-62,-46,-39,-30,-41,4,-36,-21,-16,14,18,4,0,5,-8,20,-13,-21,-21,0,3,12,11,16,0,0,0,2,3,54,10,8,0,13,0,49,34,50,56,97,83,94,87,93,35,54,6,43,0,98,98,113,91,203,113,134,99,87,8,18,9,97,0,69,8,11,8,28,8,8,8,34,0,0,0,0,0,0,0,68,0,47]} 1. d4 Nf6 2. c4 g6 3. Nf3 Bg7 4. g3 d5 5. Bg2 dxc4 6. Qa4+ Nfd7 7. Qxc4 O-O 8. O-O Nc6 9. Rd1 {D77: Fianchetto Grünfeld: 6 0-0: Replies other than 6...c6} Nb6 10. Qd3 Bg4 (10... Bf5 11. e4 Bg4 12. d5 Ne5 13. Qb3 Qc8 14. Bf4 Nxf3+ 15. Bxf3 Bxf3 16. Qxf3 Bxb2 {0-1 (53) Fridman,D (2594)-Shipov,S (2593) playchess.com INT 2004}) 11. Na3 $146 (11. Nc3 $11) ({Predecessor:} 11. e3 e5 12. d5 Nb4 13. Qb3 e4 14. Qxb4 Bxf3 15. Bxf3 exf3 16. e4 f5 {½-½ (26) Liska,J (1995)-Rubes,J (2206) Frydek Mistek 2014}) 11... Qc8 12. Nc2 Rd8 13. Qb3 e5 14. Bg5 Be6 15. Qe3 $1 Nc4 16. Qc1 $1 Rd7 {[%cal Re5d4]} 17. Nxe5 N6xe5 18. dxe5 Bxe5 {Hoping for ...f6.} (18... Nxe5 {keeps more tension.} 19. Nd4 Bd5 20. e4 Bc4 21. Bh3 Nf3+) 19. Rxd7 Qxd7 20. Rb1 c6 21. b3 Nb6 22. e4 c5 23. Na3 (23. Qe1 {with more complications.} c4 24. Ne3 cxb3 25. axb3 Rc8 26. Bf4) 23... Rc8 24. Qd2 Qxd2 25. Bxd2 Nd7 (25... c4 $11) 26. Be3 Bd4 27. Bxd4 cxd4 28. Rd1 Ne5 29. f4 Ng4 30. Bf3 ({Don't go for} 30. Rxd4 $2 Rc1+ 31. Bf1 Ne3 $19) 30... h5 31. Rxd4 Rc1+ 32. Rd1 $1 {[%cal Rd1c1]} Rc3 33. Rd8+ ({Better is} 33. Bxg4 $16 Bxg4 34. Rd2) 33... Kg7 $14 34. Kg2 (34. Bxg4 $5 Bxg4 35. Rd2 $14) 34... a5 (34... Nxh2 $5 35. Bxh5 Ng4 36. Bxg4 Bxg4 $14) 35. Rd2 a4 (35... Nxh2 $1 $11 {remains equal.} 36. Be2 Ng4) 36. Nb5 $16 Rc1 37. Nd4 {Strongly threatening h3.} a3 (37... axb3 $16 38. Nxe6+ (38. axb3 Bc8 $16) (38. Nxb3 Bxb3 39. axb3 Ne3+ 40. Kf2 Nf1 $14) 38... fxe6 39. axb3 e5 40. Rd7+ Kf6 41. Bxg4 hxg4 42. Rxb7 Rc2+ 43. Kg1 exf4) 38. Nxe6+ (38. h3 $18 Nf6 39. Nb5) 38... fxe6 39. Bxg4 hxg4 $18 {[%mdl 4096] Endgame [#] KR-KR} 40. Kf2 ({White should try} 40. h3 $1 $16) 40... Kf6 41. Ke3 b5 {[#]} (41... Rb1 $11 {keeps the balance.}) 42. Kd3 (42. b4 $1 $16) 42... g5 (42... e5 $11) 43. Rc2 (43. f5 $1 $14) 43... Rd1+ $11 44. Ke3 b4 45. Rd2 gxf4+ 46. gxf4 Rb1 47. Kf2 Rb2 48. Re2 Kg6 49. Ke3 Kf6 50. Rd2 (50. Kd3 $11 e5 51. f5) 50... Rb1 $14 51. Re2 (51. Kd4 $1 $14) 51... Rf1 {Accuracy: White = 39%, Black = 39%.} 1/2-1/2

[Event "LTU-ch Men 2019"]
[Site "Vilnius"]
[Date "2019.03.16"]
[Round "2.9"]
[White "Pluta, Paulius"]
[Black "Steponavicius, Stasys"]
[Result "0-1"]
[WhiteElo "1846"]
[BlackElo "2194"]
[Annotator "TA"]
[PlyCount "58"]
[EventDate "2019.??.??"]
[EventCountry "LTU"]
[SourceTitle "playchess.com"]
[Source "ChessBase"]
[SourceQuality "1"]

{[%evp 13,58,7,8,7,16,16,1,8,4,15,25,-16,0,-4,0,0,0,-21,0,-16,0,-56,-54,-46,-31,-77,-64,-71,-68,-84,-72,-76,-69,-106,-106,-106,-106,-110,-97,-100,-90,-200,-195,-535,-526,-520,-520]} 1. e4 c5 2. c3 d5 3. exd5 Qxd5 4. d4 e6 5. Nf3 Nf6 6. Be3 cxd4 7. cxd4 Bb4+ 8. Nc3 {B22: Sicilian: 2 c3} O-O 9. Bd3 (9. Be2 Nc6 10. O-O Qd8 11. Qb3 {½-½ (11) Yudin,S (2526)-Fier,A (2558) Almaty 2018}) 9... b6 10. O-O {The position is equal.} Bxc3 11. bxc3 Ba6 12. a4 Bxd3 13. Qxd3 Nc6 14. c4 Qe4 15. Rfd1 $146 ({Predecessor:} 15. Qc3 Rac8 {0-1 (27) Bregadze,L (2428)-Homa,S (2331) Saint Louis 2014}) 15... Rfd8 16. Rac1 (16. Qa3 {feels hotter.} Ng4 17. Rac1 h6 18. Re1 Nxe3 19. fxe3 a5 20. Qb3) 16... Rac8 17. Bg5 ({White should play} 17. Qa3 $11) 17... Qxd3 $15 18. Rxd3 h6 19. Be3 {[#]} e5 $1 {[%mdl 512] White must now prevent ...e4.} 20. Rdd1 (20. dxe5 Rxd3) 20... exd4 21. Nxd4 Ne5 22. a5 Nxc4 23. Nf5 {[#] aiming for Ne7+.} Rxd1+ 24. Rxd1 Nxe3 25. fxe3 $17 {KRN-KRN} Rc5 26. axb6 axb6 27. Rd8+ (27. Nd4 $17) 27... Kh7 $19 28. Rb8 $2 (28. Ng3) 28... Rxf5 29. Rxb6 Re5 {Accuracy: White = 22%, Black = 62%.} 0-1